1365 1474 1715 1059 1484 1190 1654 1410 1194 1739 1490 1566 1476 1351 1021 1377 1067 1519 1094 1037 1810 1069 1840 1071 1282 1182 1817 1189 1023 1680 1353 1432 1907 1201 1530 1580 1468 1803 1129 1340 1683 1183 1271 1792 1912 1340 1527 1684 1723 1436 1125 1592 1665 1900 1268 1205 1763 1450 1760 1329 1714 1937 1440 1676 1506 1416 1126 1224 1402 1586 1364 1621 1179 1161 1314 1612 1158 1268 1168 1763 1055 1306 1186 1974 1654 1258 1350 1144 1952 1469 1795 1293 1629 1552 1506 1471 1493 1743 1307 BCNSPRNW ULIB Ver.6.0+V

เปลี่ยนเป็นภาษาไทย

Change to English
 แสดงรายละเอียดบรรณานุกรม
  กลับหน้าหลัก

Brief Record : Get Marc (ISO 2709) : E-mail record : QR code < ปิดหน้าต่าง
LEADER : 00000nam 2200000uu 4500
001    13399124765
003     ULIB
008    160315s2541||||th 000 0 tha d
020    9789743212123
090    นว.^bส293ผ
100 0  สรจักร
245 00 ผีหัวขาด^cสรจักร
250    พิมพ์ครั้งที่ 4
260    กรุงเทพฯ:^bสำนักพิมพ์มติชน,^c2541
300    207 หน้า
945    ^p0^l0^i000325
999    ^aเกษร โพธิ์สุวรรณ
รายการนี้ยังไม่มีแท็ก
คุณยังไม่ได้ล็อกอิน คุณสามารถมีกิจกรรมร่วมกับเว็บไซต์ได้ แต่ต้องล็อกอินก่อน ::
  ล็อกอิน

รายการสื่อสารสนเทศ

ลำดับที่ ประเภท เลขเรียก/บาร์โค้ด สถานที่ สถานะ
1. นวนิยาย
นวนิยาย
นว. ส293ผ ฉ.1 
  Barcode: 000325
ห้องสมุดวิทยาเขตสวรรค์ประชารักษ์
►หนังสือทั่วไป
บนชั้น

รายการใกล้เคียง
    ผู้แต่ง [สรจักร]

BibComment


ยังไม่เคยถูกคอมเมนท์

คอมเมนท์ทรัพยากรรายการนี้
  คอมเมนท์: ผีหัวขาด สรจักร


 Copyright 2026. Bcnsprnw @Library